000 00630nam a2200181Ia 4500
008 090711s9999 xx 000 0 und d
082 _b997
100 _aआर्थर हॅली / जॉन कॅसले
245 _aफ्लाईटइनटूडेजर
260 _c2000
300 _a165
600 _aआर्थर हॅली / जॉन कॅसले
630 _aफ्लाईटइनटूडेजर
700 _aआर्थर हॅली / जॉन कॅसले
700 _aभट अविनाश
730 _aफ्लाईटइनटूडेजर
942 _cBOOK
999 _c337998
_d337998